| 000 | 00426nam a22001457a 4500 | ||
|---|---|---|---|
| 999 |
_c14915 _d14915 |
||
| 003 | OSt | ||
| 082 | _2631.3 NAV/MO | ||
| 088 | _aT 392 | ||
| 100 |
_aNAVEEN B.V _92133 |
||
| 245 | _aModification and testing of tractor ooperated KAU banan sucker uprooting machine | ||
| 260 |
_aTavanur 2017 _bKelappaji College of Agricultural Engineering and Technology |
||
| 300 | _a103 | ||
| 700 |
_aDr. Jayan P.R (Guide) _92172 |
||
| 942 | _cTH | ||